[Event "Rated Blitz game"]
[Site "?"]
[Date "2021.06.19"]
[Round "?"]
[White "Zadokhlik"]
[Black "gaichess"]
[Result "1-0"]
[WhiteElo "2438"]
[BlackElo "2428"]
[PlyCount "79"]
[EventDate "2021.??.??"]
[EventType "blitz"]

1. e4 e5 2. Nf3 Nc6 3. c3 Nf6 4. d3 d6 5. g3 Be7 6. Bg2 O-O 7. O-O d5 8. Nbd2
a5 9. a4 Bc5 10. h3 Re8 11. Re1 dxe4 12. Nxe4 Be7 13. Qc2 Bf5 14. Bd2 Qd7 15.
Kh2 Rad8 16. Bf1 h6 17. Rad1 Nd5 18. Bc1 Bh7 19. Qb3 b6 20. Bg2 Bg6 21. Qb5 f5
22. Ned2 Bf6 23. Nc4 Bf7 24. Kg1 e4 25. dxe4 fxe4 26. Nh2 h5 27. Rxe4 Rxe4 28.
Bxe4 Nxc3 29. Rxd7 Nxb5 30. Rxd8+ Nxd8 31. Ne3 Nd4 32. Kg2 N8e6 33. Nf3 Nc5 34.
Nxd4 Nxe4 35. Nef5 g6 36. Nh6+ Kg7 37. Nxf7 Bxd4 38. Nd8 Nxf2 39. Ne6+ Kf6 40.
Nxd4 {Time forfeit} 1-0

[Event "Rated Blitz game"]
[Site "?"]
[Date "2021.06.19"]
[Round "?"]
[White "Striker17TR"]
[Black "champyinz21"]
[Result "0-1"]
[WhiteElo "2401"]
[BlackElo "2478"]
[PlyCount "42"]
[EventDate "2021.??.??"]
[EventType "blitz"]

1. e4 e5 2. Nf3 Nc6 3. c3 Nf6 4. d4 exd4 5. e5 Nd5 6. cxd4 d6 7. Bb5 Be7 8. O-O
O-O 9. h3 Bf5 10. Nc3 Nxc3 11. bxc3 dxe5 12. Bxc6 e4 13. Bxb7 Rb8 14. Ne5 Rxb7
15. Qa4 Bd6 16. Ba3 Re8 17. Nc4 Bf4 18. Ne3 Bd7 19. Qa6 Rb6 20. Qxa7 Rg6 21.
Kh1 Qh4 {Normal} 0-1

[Event "Rated Blitz tournament eHxdsmSc"]
[Site "?"]
[Date "2021.06.18"]
[Round "?"]
[White "Milaim1984"]
[Black "Prishtinali01"]
[Result "1-0"]
[WhiteElo "2255"]
[BlackElo "2472"]
[PlyCount "111"]
[EventDate "2021.??.??"]
[EventType "blitz"]

1. e4 e5 2. Nf3 Nc6 3. c3 d5 4. exd5 Qxd5 5. d4 exd4 6. cxd4 Bg4 7. Be2 O-O-O
8. O-O Nf6 9. Nc3 Qd7 10. Bf4 Bxf3 11. Bxf3 Nxd4 12. Rc1 Bb4 13. a3 Bxc3 14.
Rxc3 Nxf3+ 15. Qxf3 Nd5 16. Rc5 Nxf4 17. Qxf4 Kb8 18. h3 Qd6 19. Qc4 f6 20. Rc1
c6 21. b4 Qd3 22. Qf4+ Qd6 23. Qg4 Rhe8 24. b5 Rc8 25. bxc6 Rxc6 26. Rxc6 bxc6
27. Rb1+ Ka8 28. Qxg7 Rb8 29. Rf1 Qxa3 30. Qxf6 Qa6 31. Rc1 Qb7 32. Rxc6 Rc8
33. Rxc8+ Qxc8 34. Kh2 Qc7+ 35. g3 a5 36. Qf3+ Kb8 37. Qb3+ Ka7 38. Qa4 Kb6 39.
h4 Qc5 40. Kg2 Qc6+ 41. Qxc6+ Kxc6 42. Kf3 a4 43. Ke3 a3 44. Kd3 a2 45. Kc2
a1=Q 46. Kd3 Qa5 47. Ke3 Kd5 48. Kf3 Qc3+ 49. Ke2 Qc4+ 50. Kf3 Kd4 51. Kf4 Qd3
52. f3 Qe4+ 53. fxe4 Kc5 54. e5 Kd5 55. Kf5 h5 56. g4 {Time forfeit} 1-0

[Event "Rated Blitz tournament FevqzU3S"]
[Site "?"]
[Date "2021.06.18"]
[Round "?"]
[White "blitzR"]
[Black "kahvitauko"]
[Result "0-1"]
[WhiteElo "2323"]
[BlackElo "2484"]
[PlyCount "34"]
[EventDate "2021.??.??"]
[EventType "blitz"]

1. e4 e5 2. Nf3 Nc6 3. c3 d5 4. exd5 Qxd5 5. d4 Bg4 6. Be2 e4 7. Nfd2 Bxe2 8.
Qxe2 Nf6 9. O-O O-O-O 10. Nc4 h5 11. Ne3 Qd7 12. Nd2 Bd6 13. Ndc4 Ng4 14. h3 f5
15. Nxd6+ Qxd6 16. hxg4 hxg4 17. g3 Qh6 {Normal} 0-1

[Event "Rated Blitz game"]
[Site "?"]
[Date "2021.06.18"]
[Round "?"]
[White "brunosten"]
[Black "sierra92"]
[Result "1-0"]
[WhiteElo "2507"]
[BlackElo "2419"]
[PlyCount "85"]
[EventDate "2021.??.??"]
[EventType "blitz"]

1. e4 e5 2. Nf3 Nc6 3. c3 Nf6 4. d4 exd4 5. e5 Ne4 6. Bc4 d5 7. exd6 Nxd6 8.
Qe2+ Qe7 9. O-O Qxe2 10. Bxe2 dxc3 11. Nxc3 Bg4 12. Bf4 O-O-O 13. Ng5 Bxe2 14.
Nxe2 f6 15. Bxd6 fxg5 16. Bg3 Rd2 17. Nc3 Rxb2 18. Rfe1 Bd6 19. Bxd6 cxd6 20.
Ne4 h6 21. Nxd6+ Kc7 22. Rad1 Rd8 23. Ne8+ Kc8 24. Nxg7 Rxd1 25. Rxd1 Rxa2 26.
Nf5 a5 27. Nxh6 a4 28. Nf5 a3 29. Nd6+ Kc7 30. Nb5+ Kb6 31. Rb1 Ka5 32. f4 gxf4
33. h4 Ne5 34. h5 Ng4 35. Nd6 Rb2 36. Nc4+ Kb4 37. Nxb2 a2 38. Rf1 Kb3 39. Nd3
b5 40. Nc1+ Kb2 41. Nxa2 Kxa2 42. Rxf4 Nh6 43. g4 {Normal} 1-0

[Event "Rated Blitz game"]
[Site "?"]
[Date "2021.06.18"]
[Round "?"]
[White "mandarria"]
[Black "DanielPerchman"]
[Result "1-0"]
[WhiteElo "2522"]
[BlackElo "2413"]
[PlyCount "89"]
[EventDate "2021.??.??"]
[EventType "blitz"]

1. e4 e5 2. Nf3 Nc6 3. c3 a6 4. d4 exd4 5. cxd4 d5 6. exd5 Qxd5 7. Nc3 Bb4 8.
Be2 Nf6 9. O-O Bxc3 10. bxc3 O-O 11. c4 Qe4 12. Bd3 Qg4 13. d5 Nb4 14. Bb1 a5
15. a3 Na6 16. Bb2 Nc5 17. Bxf6 gxf6 18. Qd4 Qxd4 19. Nxd4 b6 20. Bc2 Bd7 21.
Rfe1 Rfe8 22. f4 Kf8 23. Bxh7 Na4 24. Bc2 Nb2 25. Bb3 a4 26. Ba2 Rxe1+ 27. Rxe1
Nd3 28. Rf1 Re8 29. Bb1 Re3 30. h4 Bg4 31. Nb5 Nb2 32. Rc1 Nxc4 33. Rxc4 Re1+
34. Kf2 Rxb1 35. Nxc7 Rb2+ 36. Kg3 f5 37. d6 Rb3+ 38. Kf2 Rxa3 39. Rd4 Ra2+ 40.
Ke1 Ra1+ 41. Kd2 a3 42. Kc3 Rc1+ 43. Kb3 a2 44. Kxa2 Rc6 45. d7 {Normal} 1-0

[Event "Rated Blitz game"]
[Site "?"]
[Date "2021.06.18"]
[Round "?"]
[White "mandarria"]
[Black "DanielPerchman"]
[Result "1-0"]
[WhiteElo "2505"]
[BlackElo "2431"]
[PlyCount "131"]
[EventDate "2021.??.??"]
[EventType "blitz"]

1. e4 e5 2. Nf3 Nc6 3. c3 f5 4. d3 Nf6 5. Nbd2 d5 6. Qc2 fxe4 7. dxe4 dxe4 8.
Nxe4 Bf5 9. Bd3 Bxe4 10. Bxe4 Nxe4 11. Qxe4 Qd6 12. O-O O-O-O 13. Re1 Be7 14.
Be3 Bf6 15. b4 Kb8 16. Nd2 Qd5 17. Qxd5 Rxd5 18. Ne4 a6 19. Kf1 Rhd8 20. Ke2
Ne7 21. a4 Nf5 22. b5 axb5 23. axb5 Rxb5 24. Reb1 Rxb1 25. Rxb1 Nxe3 26. fxe3
b6 27. Rf1 Rf8 28. g4 h6 29. Rf5 Kc8 30. h4 Be7 31. Rxe5 Bxh4 32. Rb5 Kd7 33.
c4 Kc6 34. Rb1 Re8 35. Kf3 Rf8+ 36. Ke2 Be7 37. Nc3 Re8 38. Nd5 Bd6 39. Kd3 Kc5
40. e4 Rf8 41. Rb5+ Kc6 42. Ke3 Bc5+ 43. Kd3 Rf2 44. e5 Rf3+ 45. Ke4 Rc3 46.
Nxc3 Kd7 47. Rb1 Ke6 48. Rd1 c6 49. Ne2 Bb4 50. Nf4+ Ke7 51. Kf5 Bc5 52. Ng6+
Kf7 53. e6+ Ke8 54. Rd7 Bb4 55. Ne5 b5 56. Nf7 bxc4 57. Rc7 Be7 58. Rxc6 Bd8
59. Rxc4 Ke7 60. Rc6 Ba5 61. Rd6 g6+ 62. Ke5 Bb4 63. Rd7+ Kf8 64. Nd6 Bc3+ 65.
Kd5 h5 66. e7+ {Time forfeit} 1-0

[Event "Rated Blitz game"]
[Site "?"]
[Date "2021.06.18"]
[Round "?"]
[White "Osta_Soleymon"]
[Black "jdjohnson"]
[Result "1-0"]
[WhiteElo "2392"]
[BlackElo "2458"]
[PlyCount "109"]
[EventDate "2021.??.??"]
[EventType "blitz"]

1. e4 e5 2. Nf3 Nc6 3. c3 Nf6 4. Bd3 d5 5. Qe2 dxe4 6. Bxe4 Nxe4 7. Qxe4 Bd6 8.
O-O O-O 9. d3 f5 10. Qe2 Qf6 11. Nbd2 Be6 12. Kh1 Rae8 13. Re1 h6 14. Nf1 Bd5
15. c4 Bf7 16. Ng3 e4 17. dxe4 Bxg3 18. hxg3 Rxe4 19. Be3 Bxc4 20. Qc2 Bd5 21.
Rad1 Qf7 22. b3 Ree8 23. Kg1 Be4 24. Qc3 Rd8 25. Rxd8 Rxd8 26. Nd4 Nxd4 27.
Bxd4 b6 28. Qe3 c5 29. Bb2 Rd7 30. Qf4 Kh7 31. Qe5 Qd5 32. f3 Qxe5 33. Bxe5 Bc2
34. Re2 Rd1+ 35. Kf2 Bd3 36. Re1 Rd2+ 37. Ke3 Rxg2 38. Kxd3 Rxa2 39. Ra1 Rxa1
40. Bxa1 b5 41. Be5 g5 42. Bb8 a6 43. Kc3 h5 44. Ba7 c4 45. bxc4 bxc4 46. Kxc4
Kg6 47. Kd5 a5 48. Bc5 a4 49. Ke5 h4 50. gxh4 gxh4 51. Kf4 Kh5 52. Be7 h3 53.
Kg3 a3 54. Bxa3 Kg5 55. Be7+ {Time forfeit} 1-0

[Event "Rated Blitz tournament VpQ1TXew"]
[Site "?"]
[Date "2021.06.18"]
[Round "?"]
[White "HpRmDrNsT"]
[Black "YSA_kbpl"]
[Result "0-1"]
[WhiteElo "2405"]
[BlackElo "2298"]
[PlyCount "138"]
[EventDate "2021.??.??"]
[EventType "blitz"]

1. e4 e5 2. Nf3 Nc6 3. c3 d5 4. Qa4 Bd7 5. exd5 Nd4 6. Qd1 Nxf3+ 7. Qxf3 Bd6 8.
c4 Ne7 9. Nc3 O-O 10. h4 f5 11. h5 e4 12. Qd1 c6 13. d4 c5 14. h6 g6 15. Bg5
Qb6 16. dxc5 Bxc5 17. Qd2 Nc8 18. a3 a5 19. Nb5 Bxb5 20. cxb5 Nd6 21. Rd1 f4
22. Qc3 Rf7 23. Bh4 e3 24. Bd3 exf2+ 25. Kf1 Re8 26. Bg5 Ne4 27. Bxe4 Rxe4 28.
Qd3 Re3 29. Qc4 Rf5 30. d6+ Kf8 31. d7 Be7 32. Bxe7+ Kxe7 33. d8=Q+ Qxd8 34.
Qc5+ Kf7 35. Qxe3 Rc5 36. Rxd8 Rc1+ 37. Kxf2 fxe3+ 38. Kxe3 Rxh1 39. Rd7+ Kf6
40. Rg7 Kg5 41. Rxb7 Rxh6 42. Kf2 Rh3 43. Rb6 Rb3 44. Kg1 Rxb2 45. Kh2 Rb3 46.
Rc6 Rb4 47. Rc4 Rb3 48. Rc2 Kh6 49. Rf2 Rxa3 50. Rf3 Ra4 51. Rh3+ Kg7 52. Rh4
Rb4 53. Rh3 Rxb5 54. Rg3 Rb4 55. Rxg6+ Kxg6 56. Kg3 Rb2 57. Kh2 Rb3 58. g3 Rb2+
59. Kh3 Rg2 60. g4 Rg3+ 61. Kh4 Rxg4+ 62. Kxg4 a4 63. Kf3 a3 64. Ke2 a2 65. Kd3
a1=Q 66. Ke4 Qe5+ 67. Kf3 Kf5 68. Kg2 Qe4+ 69. Kg1 h5 {Time forfeit} 0-1

[Event "Rated Blitz game"]
[Site "?"]
[Date "2021.06.18"]
[Round "?"]
[White "Pulson"]
[Black "SwedishPunkMusic"]
[Result "1/2-1/2"]
[WhiteElo "2443"]
[BlackElo "2455"]
[PlyCount "99"]
[EventDate "2021.??.??"]
[EventType "blitz"]

1. e4 e5 2. Nf3 Nc6 3. c3 Nf6 4. d4 d5 5. Bb5 Bd7 6. exd5 Nxd5 7. Bxc6 Bxc6 8.
Nxe5 Qf6 9. O-O O-O-O 10. Nxc6 Qxc6 11. Nd2 Bd6 12. Nf3 Rhe8 13. Bd2 Nf4 14.
Bxf4 Bxf4 15. Qd3 g6 16. Rfe1 f5 17. g3 Bd6 18. Rxe8 Rxe8 19. Re1 Re4 20. Re3
Qe8 21. Nd2 Re6 22. c4 c6 23. Rxe6 Qxe6 24. Qe3 Qxe3 25. fxe3 b5 26. Kf2 Kd7
27. Kf3 Ke6 28. b3 h5 29. e4 fxe4+ 30. Kxe4 h4 31. gxh4 Bxh2 32. Nf3 Bg3 33. a4
bxa4 34. bxa4 Kf6 35. d5 cxd5+ 36. cxd5 Bf2 37. Kf4 a6 38. Kg4 Be3 39. Ne1 Ke5
40. Nc2 Bc5 41. Kg5 Be7+ 42. Kxg6 Bxh4 43. Nb4 Be7 44. Nc6+ Kxd5 45. Nxe7+ Kc5
46. Kf5 Kb4 47. Ke4 Kxa4 48. Kd3 Kb3 49. Nc6 a5 50. Nxa5+ {Normal} 1/2-1/2

[Event "Rated Blitz game"]
[Site "?"]
[Date "2021.06.18"]
[Round "?"]
[White "Mulika13"]
[Black "PilotodepruebasII"]
[Result "1/2-1/2"]
[WhiteElo "2521"]
[BlackElo "2412"]
[PlyCount "143"]
[EventDate "2021.??.??"]
[EventType "blitz"]

1. e4 e5 2. Nf3 Nc6 3. c3 d5 4. Qa4 f6 5. Bb5 Nge7 6. exd5 Qxd5 7. d4 a6 8. Bc4
Qe4+ 9. Be3 Bd7 10. Qb3 O-O-O 11. Nbd2 Qg4 12. Bf1 exd4 13. cxd4 Be6 14. Nc4
Nd5 15. h3 Qg6 16. a3 Nxe3 17. Qxe3 Bd5 18. O-O-O Bd6 19. Nxd6+ Rxd6 20. Nh4
Qh5 21. Qg3 Be4 22. f3 Bg6 23. Nxg6 hxg6 24. d5 Rxd5 25. Rxd5 Qxd5 26. Qxg6 Rd8
27. Qc2 Nd4 28. Qc3 Rd6 29. Bc4 Qg5+ 30. Kb1 Qxg2 31. Rd1 Nb5 32. Qc1 Qg5 33.
Ka2 Qxc1 34. Rxc1 Nd4 35. f4 Kd7 36. Rg1 Nf5 37. Bf7 Ke7 38. Bg6 Nh4 39. Bb1
Kf8 40. Ka1 Nf3 41. Rg3 Nd2 42. Bc2 Nc4 43. Ka2 b5 44. Bb3 Nb6 45. h4 c5 46. h5
c4 47. Bc2 Nd5 48. Rg4 Ne3 49. Bf5 Nxg4 50. Bxg4 Rd4 51. h6 gxh6 52. Bc8 Rxf4
53. Bxa6 Rf5 54. Bxb5 Rxb5 55. a4 Ra5 56. Ka3 h5 57. Kb4 Rxa4+ 58. Kxa4 h4 59.
Kb4 h3 60. Kxc4 h2 61. b4 h1=Q 62. b5 Qb1 63. Kc5 Qxb5+ 64. Kxb5 Kf7 65. Kc4
Kg6 66. Kd3 Kg5 67. Ke2 Kg4 68. Kf1 Kf4 69. Kg1 f5 70. Kf1 Ke3 71. Kg1 Kf3 72.
Kf1 {Time forfeit} 1/2-1/2

[Event "Rated Blitz game"]
[Site "?"]
[Date "2021.06.18"]
[Round "?"]
[White "Bibekthing"]
[Black "Handy-Andy"]
[Result "1-0"]
[WhiteElo "2451"]
[BlackElo "2446"]
[PlyCount "119"]
[EventDate "2021.??.??"]
[EventType "blitz"]

1. e4 e5 2. Nf3 Nc6 3. c3 Bc5 4. d4 exd4 5. cxd4 Bb6 6. d5 Nce7 7. d6 cxd6 8.
Nc3 Nf6 9. Bc4 O-O 10. O-O h6 11. Bf4 d5 12. exd5 d6 13. h3 Bf5 14. Rc1 a6 15.
Re1 Rc8 16. Bd3 Bxd3 17. Qxd3 Ng6 18. Bg3 Nh5 19. Bh2 Bc5 20. Ne4 Re8 21. a3 a5
22. Nxc5 Rxe1+ 23. Rxe1 Rxc5 24. Re4 Nf6 25. Re1 Rxd5 26. Qb3 b5 27. Qc3 Rc5
28. Qd3 a4 29. Nd4 Qb8 30. Nf5 Rd5 31. Qc2 Qd8 32. Bg3 Qd7 33. Ne3 Rc5 34. Qd3
d5 35. Nf5 d4 36. Nh4 Nxh4 37. Bxh4 g5 38. Bg3 Rd5 39. Rd1 Nh5 40. Bh2 Qe6 41.
Kh1 Ng7 42. Bg1 f5 43. f3 f4 44. Bxd4 Nf5 45. Qc3 Nxd4 46. Rxd4 Rxd4 47. Qxd4
Qe1+ 48. Qg1 Qxg1+ 49. Kxg1 Kf7 50. Kf2 Ke6 51. Ke2 Kd5 52. Kd3 Kc5 53. Ke4 Kc4
54. h4 Kb3 55. hxg5 hxg5 56. Kf5 Kxb2 57. Kxg5 b4 58. Kxf4 bxa3 59. g4 a2 60.
g5 {Time forfeit} 1-0

[Event "Rated Blitz game"]
[Site "?"]
[Date "2021.06.18"]
[Round "?"]
[White "eduardo_tunguia"]
[Black "Kboy1990"]
[Result "1-0"]
[WhiteElo "2401"]
[BlackElo "2275"]
[PlyCount "87"]
[EventDate "2021.??.??"]
[EventType "blitz"]

1. e4 e5 2. Nf3 Nc6 3. c3 Nf6 4. d3 Be7 5. Qc2 O-O 6. Be2 Re8 7. O-O h6 8. h3
d5 9. Rd1 a5 10. a3 a4 11. Be3 Be6 12. Nbd2 dxe4 13. dxe4 Qc8 14. Bc4 Bxc4 15.
Nxc4 Qe6 16. Ncd2 Nd7 17. Nf1 Bc5 18. Bxc5 Nxc5 19. Ne3 Nb3 20. Rab1 Rad8 21.
Nd5 Qc8 22. Nd2 Nca5 23. Nxb3 Nxb3 24. Qe2 c6 25. Ne3 b5 26. Nf5 Qe6 27. Qg4
Qf6 28. Re1 Kh7 29. Re3 g6 30. Nh4 h5 31. Qg3 Rd2 32. Rf3 Qe6 33. Qg5 Qe7 34.
Qg3 Red8 35. Kh2 Re2 36. Nf5 gxf5 37. Rxf5 Rd6 38. Rxe5 Re6 39. Rxh5+ Rh6 40.
Re5 Qf6 41. Rf5 Qg6 42. Qf3 Rxh3+ 43. gxh3 Rd2 44. Rg1 {Time forfeit} 1-0

[Event "Rated Blitz tournament JDVmj6zK"]
[Site "?"]
[Date "2021.06.18"]
[Round "?"]
[White "HpRmDrNsT"]
[Black "CantRemember2ForgetU"]
[Result "1/2-1/2"]
[WhiteElo "2374"]
[BlackElo "2629"]
[PlyCount "78"]
[EventDate "2021.??.??"]
[EventType "blitz"]

1. e4 e5 2. Nf3 Nc6 3. c3 Nf6 4. Qa4 d6 5. d4 Bd7 6. Bd3 Nxd4 7. Qd1 Nc6 8. h3
Be7 9. c4 O-O 10. Nc3 Nd4 11. Be3 c5 12. g4 Bc6 13. Rg1 a6 14. g5 Nd7 15. Nh4
b5 16. Nf5 b4 17. Nd5 Nxf5 18. exf5 Bxd5 19. f6 e4 20. fxg7 exd3 21. gxf8=Q+
Bxf8 22. cxd5 Ne5 23. f4 Nc4 24. Qxd3 Nxb2 25. Qf5 Nc4 26. Kf2 Bg7 27. Rae1
Nxe3 28. Kxe3 Bd4+ 29. Kf3 Bxg1 30. Rxg1 Qe7 31. Kg4 Qe2+ 32. Kh4 Qf2+ 33. Rg3
Re8 34. Qf6 Re3 35. Qd8+ Kg7 36. Qf6+ Kg8 37. Qd8+ Kg7 38. Qf6+ Kf8 39. Qd8+
Kg7 {Normal} 1/2-1/2

[Event "Rated Blitz tournament JDVmj6zK"]
[Site "?"]
[Date "2021.06.18"]
[Round "?"]
[White "HpRmDrNsT"]
[Black "Zhigalko_Andrey"]
[Result "0-1"]
[WhiteElo "2366"]
[BlackElo "2645"]
[PlyCount "150"]
[EventDate "2021.??.??"]
[EventType "blitz"]

1. e4 e5 2. Nf3 Nc6 3. c3 Nf6 4. Qa4 Bd6 5. Na3 O-O 6. Nb5 Bc5 7. d4 Bb6 8. Bd3
d5 9. Nxe5 dxe4 10. Bc4 Nxe5 11. dxe5 Ng4 12. Bf4 Nxf2 13. Rf1 Nd3+ 14. Bxd3
exd3 15. O-O-O Bf5 16. Nd4 Bg6 17. e6 Qd5 18. g3 fxe6 19. Rfe1 Rae8 20. Re5 Qg2
21. Rd2 Qg1+ 22. Qd1 Bxd4 23. cxd4 Qxd4 24. Qe1 c5 25. h4 c4 26. Rf2 Be4 27.
Qc3 Qxc3+ 28. bxc3 Bd5 29. Kd2 h6 30. h5 Rf5 31. Ke3 Rxe5+ 32. Bxe5 Rf8 33. Bf4
Rc8 34. Kd2 Rc6 35. Be5 Ra6 36. Ke3 Rb6 37. Rd2 Rb1 38. Kd4 Re1 39. Bf4 Re2 40.
Kc5 Rxd2 41. Bxd2 Kf7 42. Kd6 Bf3 43. Ke5 Bxh5 44. Kd4 b5 45. Kc5 a6 46. Kb6
Bd1 47. Kxa6 Ba4 48. Kb6 g5 49. Kc5 Kg6 50. Kd4 Kf5 51. Ke3 h5 52. Kf3 h4 53.
gxh4 gxh4 54. Kg2 Bd1 55. a3 Ke4 56. Kh3 Kf3 57. Kxh4 Ke2 58. Bf4 Ba4 59. Kg5
d2 60. Bxd2 Kxd2 61. Kf6 Kxc3 62. Kxe6 Kb3 63. Kd6 c3 64. Kc5 c2 65. Kb6 c1=Q
66. Ka5 Qxa3 67. Kb6 Qb4 68. Kc7 Ka3 69. Kb6 Qc3 70. Ka6 b4 71. Ka7 b3 72. Kb6
b2 73. Ka7 b1=Q 74. Ka8 Qc6+ 75. Ka7 Qcb7# {Normal} 0-1

[Event "Rated Blitz tournament FevqzU3S"]
[Site "?"]
[Date "2021.06.18"]
[Round "?"]
[White "blitzR"]
[Black "kahvitauko"]
[Result "0-1"]
[WhiteElo "2352"]
[BlackElo "2465"]
[PlyCount "60"]
[EventDate "2021.??.??"]
[EventType "blitz"]

1. e4 e5 2. Nf3 Nc6 3. c3 d5 4. Qa4 f6 5. d3 Nge7 6. Be2 Be6 7. O-O Qd7 8. Re1
Ng6 9. Bf1 Bd6 10. b4 dxe4 11. dxe4 O-O 12. Be3 Qf7 13. Nbd2 a6 14. Nb3 b5 15.
Qa3 a5 16. Qb2 axb4 17. cxb4 Bxb4 18. Red1 Bc4 19. Nc5 Ba3 20. Qc2 Rfd8 21.
Rxd8+ Rxd8 22. Rc1 Nd4 23. Bxd4 exd4 24. Nb3 Bxc1 25. Qxc1 Bxf1 26. Qxf1 Qc4
27. Qd1 c5 28. Nfd2 Qc3 29. h3 Ne5 30. Qh5 c4 {Normal} 0-1

[Event "Rated Blitz game"]
[Site "?"]
[Date "2021.06.18"]
[Round "?"]
[White "mandarria"]
[Black "FeedTheTweed"]
[Result "1-0"]
[WhiteElo "2509"]
[BlackElo "2485"]
[PlyCount "83"]
[EventDate "2021.??.??"]
[EventType "blitz"]

1. e4 e5 2. Nf3 Nc6 3. c3 Nf6 4. d4 exd4 5. e5 Nd5 6. Bc4 Nb6 7. Bb3 d5 8. cxd4
Bb4+ 9. Nc3 O-O 10. Be3 f6 11. h3 Kh8 12. O-O fxe5 13. dxe5 Bxc3 14. bxc3 Be6
15. Ng5 Qe8 16. f4 h6 17. Nxe6 Qxe6 18. Bxb6 axb6 19. Qxd5 Qxd5 20. Bxd5 Ra3
21. c4 Nd4 22. Rf2 Rxf4 23. Rxf4 Ne2+ 24. Kh2 Nxf4 25. Bxb7 Re3 26. Rf1 g5 27.
g3 Re2+ 28. Kh1 Nxh3 29. e6 Nf2+ 30. Kg1 Nh3+ 31. Kh1 Rxe6 32. Bc8 Re3 33. Bxh3
Rxg3 34. Be6 Re3 35. Bd5 Re2 36. Rf7 Rxa2 37. Rxc7 Rb2 38. Rb7 Rb4 39. Kg2 h5
40. Kf3 Rb3+ 41. Ke4 Rb1 42. Kf5 {Normal} 1-0

[Event "Rated Blitz tournament JDVmj6zK"]
[Site "?"]
[Date "2021.06.18"]
[Round "?"]
[White "BatonAKuco4eK"]
[Black "Khusenkhojaev"]
[Result "1-0"]
[WhiteElo "2365"]
[BlackElo "2531"]
[PlyCount "53"]
[EventDate "2021.??.??"]
[EventType "blitz"]

1. e4 e5 2. Nf3 Nc6 3. c3 Nf6 4. d4 Nxe4 5. Bd3 d5 6. dxe5 Bc5 7. O-O Bg4 8.
Nbd2 Nxd2 9. Bxd2 O-O 10. Bf4 Re8 11. Re1 Qd7 12. h3 Bh5 13. a4 h6 14. b4 Bf8
15. a5 a6 16. c4 dxc4 17. Bh7+ Kxh7 18. Qxd7 Bxb4 19. Red1 c3 20. Qxc7 c2 21.
Rdc1 Bxf3 22. gxf3 Nd4 23. Rxc2 Rac8 24. Qxc8 Rxc8 25. Rxc8 Ne2+ 26. Kf1 Nxf4
27. Rc7 {Normal} 1-0

[Event "Rated Blitz game"]
[Site "?"]
[Date "2021.06.18"]
[Round "?"]
[White "brunosten"]
[Black "Mangusty"]
[Result "1-0"]
[WhiteElo "2512"]
[BlackElo "2484"]
[PlyCount "85"]
[EventDate "2021.??.??"]
[EventType "blitz"]

1. e4 e5 2. Nf3 Nc6 3. c3 d5 4. Bb5 dxe4 5. Nxe5 Qg5 6. Qa4 Qxg2 7. Bxc6+ bxc6
8. Qxc6+ Kd8 9. Rf1 Bh3 10. Qxa8+ Ke7 11. Kd1 Qxf1+ 12. Kc2 Bf5 13. Nc6+ Kd6
14. Nd4 Ne7 15. Qd8+ Ke5 16. Qxc7+ Kf6 17. Qd6+ Kg5 18. d3+ Kh5 19. Qf4 exd3+
20. Kb3 Qd1+ 21. Kc4 Qg4 22. Nxf5 Nxf5 23. Qxg4+ Kxg4 24. Kxd3 Bd6 25. Nd2 Rd8
26. Kc2 Bxh2 27. Nc4 Bf4 28. Bxf4 Kxf4 29. b4 h5 30. a4 h4 31. b5 g5 32. a5 g4
33. b6 axb6 34. axb6 g3 35. fxg3+ Nxg3 36. Na5 Rb8 37. Rb1 h3 38. Nc6 Rxb6 39.
Rxb6 h2 40. Rb1 h1=Q 41. Rxh1 Nxh1 42. Nd4 Ng3 43. Kd3 {Time forfeit} 1-0

[Event "Rated Blitz game"]
[Site "?"]
[Date "2021.06.18"]
[Round "?"]
[White "NebilSelami"]
[Black "Marchcomes"]
[Result "0-1"]
[WhiteElo "2310"]
[BlackElo "2477"]
[PlyCount "84"]
[EventDate "2021.??.??"]
[EventType "blitz"]

1. e4 e5 2. Nf3 Nc6 3. c3 g6 4. Bc4 Bg7 5. d3 Nge7 6. a4 O-O 7. O-O d5 8. exd5
Nxd5 9. b4 a6 10. Qb3 Nb6 11. Nbd2 Nxc4 12. Nxc4 Qxd3 13. Rd1 Qf5 14. Ne3 Be6
15. c4 Qe4 16. Ng5 Nd4 17. Qa2 Qc6 18. Nxe6 Qxe6 19. Nd5 Rfd8 20. Nxc7 Nf3+ 21.
gxf3 Rxd1+ 22. Kg2 Qc8 23. Nxa8 Qxa8 24. Qe2 Qd8 25. Rb1 Rxc1 26. Rxc1 Qg5+ 27.
Kh3 Qxc1 28. b5 axb5 29. cxb5 Qh6+ 30. Kg2 Qg5+ 31. Kh3 Qf5+ 32. Kg3 Qf4+ 33.
Kg2 Qxa4 34. Qd3 Qd4 35. Qb3 h5 36. h3 e4 37. f4 Qd3 38. Qb4 e3 39. fxe3 Qxe3
40. b6 Bd4 41. Qd6 Qf2+ 42. Kh1 Qg1# {Normal} 0-1

[Event "Rated Blitz tournament JDVmj6zK"]
[Site "?"]
[Date "2021.06.18"]
[Round "?"]
[White "RobertGutierez_UNMSM"]
[Black "Khusenkhojaev_M"]
[Result "1-0"]
[WhiteElo "2345"]
[BlackElo "2457"]
[PlyCount "43"]
[EventDate "2021.??.??"]
[EventType "blitz"]

1. e4 e5 2. Nf3 Nc6 3. c3 Nf6 4. d4 exd4 5. e5 Nd5 6. cxd4 Bb4+ 7. Bd2 O-O 8.
Nc3 Nxc3 9. bxc3 Ba3 10. Bd3 d6 11. Ng5 h6 12. h4 dxe5 13. d5 Qxd5 14. Bc1 Qc5
15. O-O Qxc3 16. Bxa3 Qxa3 17. Qf3 Qe7 18. Qe4 f5 19. Bc4+ Kh8 20. Qe3 f4 21.
Qf3 hxg5 22. Qh5# {Normal} 1-0

[Event "Rated Blitz game"]
[Site "?"]
[Date "2021.06.18"]
[Round "?"]
[White "mikromurks"]
[Black "RJDeighton"]
[Result "1-0"]
[WhiteElo "2485"]
[BlackElo "2388"]
[PlyCount "83"]
[EventDate "2021.??.??"]
[EventType "blitz"]

1. e4 e5 2. Nf3 Nc6 3. c3 d5 4. Qa4 f6 5. Bb5 Nge7 6. d3 a6 7. Bxc6+ Nxc6 8.
Nbd2 dxe4 9. dxe4 Qd3 10. Qc4 Qxc4 11. Nxc4 Be6 12. Nfd2 Bc5 13. Ke2 O-O-O 14.
Ne3 Ne7 15. Nb3 Bb6 16. Rd1 Ng6 17. g3 h5 18. h4 Ne7 19. Bd2 Rd7 20. Be1 Rhd8
21. Rxd7 Rxd7 22. Rd1 Rxd1 23. Nxd1 Bc4+ 24. Kf3 a5 25. Ne3 Be6 26. Nc1 a4 27.
b3 a3 28. Nc2 Bg4+ 29. Kg2 Bc5 30. b4 Bd6 31. Nxa3 Be6 32. Nc2 g5 33. hxg5 fxg5
34. f3 g4 35. Ne3 gxf3+ 36. Kxf3 c5 37. a3 cxb4 38. axb4 Ng6 39. Nf5 Bf8 40.
Nd3 Kd7 41. Bf2 Kc6 42. Bc5 {Time forfeit} 1-0

[Event "Rated Blitz game"]
[Site "?"]
[Date "2021.06.18"]
[Round "?"]
[White "Pulson"]
[Black "shahmatpatblog"]
[Result "1-0"]
[WhiteElo "2438"]
[BlackElo "2295"]
[PlyCount "23"]
[EventDate "2021.??.??"]
[EventType "blitz"]

1. e4 e5 2. Nf3 Nc6 3. c3 Nf6 4. d4 Nxe4 5. d5 Bc5 6. dxc6 Bxf2+ 7. Ke2 Bb6 8.
Qd5 Nf2 9. Rg1 bxc6 10. Qxe5+ Kf8 11. Be3 Ba6+ 12. Kxf2 {Normal} 1-0

[Event "Rated Blitz game"]
[Site "?"]
[Date "2021.06.18"]
[Round "?"]
[White "bkara"]
[Black "hugo12"]
[Result "1-0"]
[WhiteElo "2519"]
[BlackElo "2470"]
[PlyCount "63"]
[EventDate "2021.??.??"]
[EventType "blitz"]

1. e4 e5 2. Nf3 Nc6 3. c3 Nf6 4. d4 exd4 5. e5 Ne4 6. Qe2 d5 7. exd6 f5 8. Nxd4
Nxd4 9. cxd4 Bxd6 10. f3 Qh4+ 11. Kd1 Be6 12. fxe4 fxe4 13. Kc2 O-O-O 14. Be3
Rhf8 15. Nd2 Bd5 16. Qb5 c6 17. Qa4 Bf4 18. g3 Bxg3 19. Bc4 Bf2 20. Bxd5 Rxd5
21. Qa3 Rf6 22. Raf1 Kb8 23. Kb1 a6 24. Bxf2 Rxf2 25. Qe3 Rxf1+ 26. Rxf1 Qxh2
27. Nxe4 h5 28. Nc5 Qd6 29. Rf7 Rxc5 30. dxc5 Qd1+ 31. Qc1 Qd3+ 32. Ka1 {Normal
} 1-0

[Event "Rated Blitz tournament TMQyZT0G"]
[Site "?"]
[Date "2021.06.17"]
[Round "?"]
[White "Bluesbrothers"]
[Black "Zhigalko_Andrey"]
[Result "0-1"]
[WhiteElo "2268"]
[BlackElo "2623"]
[PlyCount "68"]
[EventDate "2021.??.??"]
[EventType "blitz"]

1. e4 e5 2. Nf3 Nc6 3. c3 Nf6 4. d4 exd4 5. e5 Nd5 6. Bc4 Nb6 7. Bb3 d5 8. cxd4
Bg4 9. Be3 Be7 10. O-O O-O 11. Nbd2 Na5 12. Bc2 Nac4 13. b3 Nxe3 14. fxe3 c5
15. h3 Bh5 16. Qe1 Rc8 17. Bf5 Rc6 18. Rc1 cxd4 19. Nxd4 Rxc1 20. Qxc1 Qb8 21.
N2f3 Bxf3 22. Nxf3 g6 23. Bd3 Nd7 24. Qb2 a6 25. Qd4 Rd8 26. b4 Nf8 27. a3 Ne6
28. Qg4 Qa7 29. Kf2 d4 30. e4 a5 31. b5 Qc5 32. h4 h5 33. Qg3 Qxa3 34. Bc4 Qe3#
{Normal} 0-1